书目信息 |
| 题名: |
高等传递过程原理
|
|
| 作者: | 王涛 , 朴香兰 , 朱慎林 编著 | |
| 分册: | ||
| 出版信息: | 北京 化学工业出版社 2005.01 |
|
| 页数: | 272页 | |
| 开本: | 26cm | |
| 丛书名: | ||
| 单 册: | ||
| 中图分类: | TK124 , TQ021 | |
| 科图分类: | ||
| 主题词: | 传递--理论 | |
| 电子资源: | ||
| ISBN: | 7-5025-6062-9 | |
| 000 | 00929nam0 2200265 450 | |
| 001 | 0153366198 | |
| 005 | 20051014092944.19 | |
| 010 | @a7-5025-6062-9@dCNY35.00 | |
| 100 | @a20050315d2005 km y0chiy0120 ea | |
| 101 | 0 | @achi |
| 102 | @aCN@b110000 | |
| 105 | @aa a 000yy | |
| 200 | 1 | @a高等传递过程原理@Agao deng chuan di guo cheng yuan li@f王涛, 朴香兰, 朱慎林编著@Fwang tao,pu xiang lan,zhu shen lin bian zhu |
| 210 | @a北京@c化学工业出版社@d2005.01 | |
| 215 | @a272页@c图@d26cm | |
| 320 | @a有书目 (第268页)。 | |
| 330 | @a本书涉及动量传递、热量传递和质量传递等传递过程原理及进展。包括传递物性数据及研究进展、非牛顿流体和两相流动、多孔介质中的扩散传质等8章内容。 | |
| 606 | 0 | @a传递@x理论 |
| 690 | @aTK124@v4 | |
| 690 | @aTQ021@v4 | |
| 701 | 0 | @a王涛@Awang tao@4编著 |
| 701 | 0 | @a朴香兰@Apu xiang lan@4编著 |
| 701 | 0 | @a朱慎林@Azhu shen lin@4编著 |
| 801 | 0 | @aCN@bQSSK@c20051014 |
| 905 | @a10447@dTK124@eW366 | |
| 高等传递过程原理/王涛, 朴香兰, 朱慎林编著.-北京:化学工业出版社,2005.01 |
| 272页:图;26cm |
| ISBN 7-5025-6062-9:CNY35.00 |
| 本书涉及动量传递、热量传递和质量传递等传递过程原理及进展。包括传递物性数据及研究进展、非牛顿流体和两相流动、多孔介质中的扩散传质等8章内容。 |
| ● |
| 相关链接 |
|
|
|
正题名:高等传递过程原理
索取号:TK124/W366
 
预约/预借
| 序号 | 登录号 | 条形码 | 馆藏地/架位号 | 状态 | 备注 |
| 1 | 567716 | 205677169 | 自科库501/501自科库 136排2列3层/ [索取号:TK124/W366] | 在馆 | |
| 2 | 567717 | 205677178 | 自科库501/501自科库 136排2列3层/ [索取号:TK124/W366] | 在馆 | |
| 3 | 567718 | 205677187 | 能源与建筑环境工程学院资料室/201建筑库 29排3列1层/ [索取号:TK124/W366] | 在馆 |